UBT Library

Fundamentals and principles of ophthalmology, 1997-1998. (Record no. 39276)

000 -LEADER
fixed length control field 00683nam a2200229 a 4500
001 - CONTROL NUMBER
control field 4989927
005 - DATE AND TIME OF LATEST TRANSACTION
control field 20171221082621.0
008 - FIXED-LENGTH DATA ELEMENTS--GENERAL INFORMATION
fixed length control field 980916s1997 caua b 001 0 eng
010 ## - LIBRARY OF CONGRESS CONTROL NUMBER
LC control number 98196872
020 ## - INTERNATIONAL STANDARD BOOK NUMBER
International Standard Book Number 1560550767
040 ## - CATALOGING SOURCE
Original cataloging agency DLC
Transcribing agency DLC
041 ## - LANGUAGE CODE
Language code of text/sound track or separate title eng
080 ## - UNIVERSAL DECIMAL CLASSIFICATION NUMBER
Universal Decimal Classification number 617.7 HEC
082 00 - DEWEY DECIMAL CLASSIFICATION NUMBER
Classification number 617.7 HEC
Edition number 21
100 ## - Rafti
Rafti 8
101 ## - Shkurtesa
Shkurtesa SHM
245 00 - TITLE STATEMENT
Title Fundamentals and principles of ophthalmology, 1997-1998.
504 ## - BIBLIOGRAPHY, ETC. NOTE
Bibliography, etc Includes bibliographical references and index.
906 ## - LOCAL DATA ELEMENT F, LDF (RLIN)
a 7
b cbc
c orignew
d 2
e ncip
f 19
g y-gencatlg
942 ## - ADDED ENTRY ELEMENTS (KOHA)
Source of classification or shelving scheme
Item type Books
Holdings
Withdrawn status Lost status Source of classification or shelving scheme Damaged status Not for loan Collection code Permanent location Current location Shelving location Date acquired Total Checkouts Full call number Barcode Date last seen Price effective from Koha item type
          Koleksioni i përgjithshem UBT - Lipjan UBT - Lipjan Koleksioni i përgjithshem 12/21/2017   617.7 HEC 002-2939686 12/21/2017 12/21/2017 Books
          Koleksioni i përgjithshem UBT - Lipjan UBT - Lipjan Koleksioni i përgjithshem 12/21/2017   617.7 HEC 002-2939665 12/21/2017 12/21/2017 Books
          Koleksioni i përgjithshem UBT - Lipjan UBT - Lipjan Koleksioni i përgjithshem 12/21/2017   617.7 HEC 002-2939660 12/21/2017 12/21/2017 Books
          Koleksioni i përgjithshem UBT - Lipjan UBT - Lipjan Koleksioni i përgjithshem 12/21/2017   617.7 HEC 002-2939681 12/21/2017 12/21/2017 Books
UBT Library © 2015-2024. All rights reserved University Education for Business and Technology